[Event "Online Olym Div2 E 2021"]
[Site "chess.com INT"]
[Date "2021.09.04"]
[Round "9.3"]
[Board "6"]
[White "Vasquez Vasquez, Marielos"]
[Black "Miranda Vargas, Analia Karen"]
[Result "0-1"]
[WhiteTitle "WCM"]
[WhiteElo "1498"]
[BlackElo "1587"]
[WhiteTeam "El Salvador"]
[BlackTeam "Ecuador"]
[WhiteFideId "6705723"]
[BlackFideId "3632393"]
[EventDate "2021.09.02"]
[EventType "team"]

1. c4 e6 2. Nc3 Nf6 3. d4 d5 4. cxd5 exd5 5. Bg5 Bb4 6. e3 O-O 7. Bd3 h6 8. Bh4
c6 9. Ne2 Re8 10. O-O Nbd7 11. a3 Bd6 12. Bg3 Nf8 13. Qc2 Ne6 14. b4 a5 15. b5
c5 16. dxc5 Nxc5 17. Nd4 Nfe4 18. Nxe4 dxe4 19. Bc4 Bg4 20. Rac1 Rc8 21. Qa2 Bh5
22. Nf5 Bf8 23. a4 Qf6 24. Nd4 Nd3 25. Rc3 Bb4 26. Rc2 Bg6 27. Bd5 Qb6 28. Ne2
Bc5 29. Nf4 Nb4 30. Qb3 Nxc2 31. Nxg6 Qxg6 32. Qxc2 Bxe3 33. Qe2 Bb6 34. Bxb7
Rc3 35. Rd1 e3 36. f3 Rc2 37. Qe1 e2+ 38. Kh1 exd1=Q 39. Qxd1 Rd8 40. Qe1 Rcd2 0-1

[Event "Online Olym Div2 E 2021"]
[Site "chess.com INT"]
[Date "2021.09.04"]
[Round "9.4"]
[Board "1"]
[White "Henriquez Villagra, Cristobal"]
[Black "Valdes Romero, Leonardo"]
[Result "1-0"]
[WhiteTitle "GM"]
[BlackTitle "IM"]
[WhiteElo "2608"]
[BlackElo "2402"]
[WhiteTeam "Chile"]
[BlackTeam "Costa Rica"]
[WhiteFideId "3409350"]
[BlackFideId "6500331"]
[EventDate "2021.09.02"]
[EventType "team"]

1. e4 c5 2. Nf3 d6 3. Bb5+ Bd7 4. a4 Nf6 5. Nc3 Bxb5 6. axb5 Nbd7 7. d4 e6 8.
O-O cxd4 9. Qxd4 a6 10. bxa6 bxa6 11. Qa4 Qb8 12. Bg5 Be7 13. e5 dxe5 14. Rad1
O-O 15. Rxd7 Nxd7 16. Bxe7 Re8 17. Ba3 Nb6 18. Qh4 f6 19. Re1 Qc7 20. Nd2 Rad8
21. Nde4 Nc4 22. Nxf6+ gxf6 23. Ne4 Nxa3 24. Nxf6+ Kh8 25. Nxe8 Rxe8 26. bxa3
Qg7 27. Qe4 Rc8 28. g3 Kg8 29. Qxe5 Qxe5 30. Rxe5 Kf7 31. Rh5 Rxc2 32. Rxh7+ Kf6
33. Ra7 Rc6 34. h4 Kf5 35. Kg2 e5 36. Kh3 Ke4 37. Kg2 Kf5 38. Rf7+ Ke4 39. Rf3
Rc1 40. Re3+ Kf5 41. Rb3 Ra1 42. Kf3 e4+ 43. Kg2 Ra2 44. Rc3 Ke5 45. Kf1 Ra1+
46. Ke2 Ra2+ 47. Ke3 Kd5 48. h5 Ra1 49. g4 Rh1 50. Kf4 Rh2 51. Kg3 Rh1 52. Rc8
Ke5 53. Re8+ Kd5 54. Kf4 Rh2 55. Rd8+ Ke6 56. Kxe4 Rxf2 57. Ra8 1-0

[Event "Online Olym Div2 E 2021"]
[Site "chess.com INT"]
[Date "2021.09.04"]
[Round "9.4"]
[Board "2"]
[White "Minero Pineda, Sergio"]
[Black "Salinas Herrera, Pablo"]
[Result "1/2-1/2"]
[WhiteTitle "IM"]
[BlackTitle "GM"]
[WhiteElo "2361"]
[BlackElo "2509"]
[WhiteTeam "Costa Rica"]
[BlackTeam "Chile"]
[WhiteFideId "6500374"]
[BlackFideId "3407128"]
[EventDate "2021.09.02"]
[EventType "team"]

1. d4 d5 2. c4 e6 3. Nf3 a6 4. Nbd2 Nf6 5. g3 c5 6. Bg2 Nc6 7. O-O cxd4 8. cxd5
Nxd5 9. Nb3 e5 10. Nxe5 Nxe5 11. Qxd4 Bd6 12. Qxd5 Qf6 13. Bg5 Qxg5 14. Qxd6 Qe7
15. Qxe7+ Kxe7 16. Rac1 Rd8 17. Rc7+ Rd7 18. Rfc1 Rxc7 19. Rxc7+ Kd6 20. Bxb7
Kxc7 21. Bxa8 Be6 22. Nc1 Nc4 23. b3 Na3 24. Be4 h6 25. Bd3 Kb6 26. f4 a5 27.
Kf2 Kc5 28. Ke3 Bd7 29. Kd2 Kb4 30. e4 f6 31. e5 fxe5 32. fxe5 Kc5 33. Kc3 Kd5
34. e6 Kxe6 35. b4 a4 36. Kd4 Kd6 37. Ne2 Be6 38. Nc3 Bf7 39. Nxa4 Bxa2 40. Nc3
Be6 41. Nb5+ Nxb5+ 42. Bxb5 g5 43. Bd3 Bd7 44. b5 Bc8 45. Be4 h5 46. b6 Bd7 47.
b7 Kc7 48. Bf3 h4 49. g4 Bxg4 50. Bxg4 Kxb7 51. Ke5 Kc7 52. Kf6 Kd6 53. h3 Kd5
54. Kxg5 Ke5 55. Bf5 Kd6 56. Kf6 Kd5 57. Bg4 Kd6 58. Be6 Kc7 59. Ke7 Kc6 60. Kf6
Kd6 61. Bf5 Kd5 62. Kg5 Ke5 63. Bg4 Kd6 64. Kxh4 Ke7 65. Kg5 Kf7 66. h4 Kg8 67.
h5 Kh8 68. h6 Kg8 69. h7+ Kh8 70. Kh6 1/2-1/2

[Event "Online Olym Div2 E 2021"]
[Site "chess.com INT"]
[Date "2021.09.04"]
[Round "9.4"]
[Board "3"]
[White "Morales Flores, Monserrat"]
[Black "Salazar Gould, Melanie"]
[Result "1/2-1/2"]
[WhiteTitle "WCM"]
[BlackTitle "CM"]
[WhiteElo "1953"]
[BlackElo "1900"]
[WhiteTeam "Chile"]
[BlackTeam "Costa Rica"]
[WhiteFideId "3412016"]
[BlackFideId "6505090"]
[EventDate "2021.09.02"]
[EventType "team"]

1. e4 e6 2. d4 d5 3. Nc3 Bb4 4. Ne2 dxe4 5. a3 Bxc3+ 6. Nxc3 Nf6 7. Bg5 b6 8.
Nxe4 Bb7 9. Bb5+ c6 10. Be2 h6 11. Nxf6+ gxf6 12. Bh4 Nd7 13. Qd3 Qe7 14. O-O-O
b5 15. Bf3 a5 16. Rhe1 a4 17. Qc3 Rc8 18. Kb1 Rg8 19. Qe3 b4 20. d5 cxd5 21.
Bxd5 Bxd5 22. Rxd5 bxa3 23. Qd4 axb2 24. Qxa4 Rg4 25. Qa6 Rd8 26. Bg3 Qb4 27.
Rdd1 Re4 28. Rxe4 Qxe4 29. Qd6 Qa8 30. Kxb2 Rb8+ 31. Kc1 Qa1+ 32. Kd2 Qa5+ 33.
Ke2 Qb5+ 34. Rd3 e5 35. Kd2 Rc8 36. Rd5 Qc4 37. Qxd7+ Kf8 38. Qd6+ Kg7 39. Ke3
Qc3+ 40. Rd3 Qe1+ 41. Kf3 e4+ 42. Kg4 exd3 43. cxd3 Qe6+ 44. Qxe6 fxe6 45. Kf4
Rc2 46. Ke3 Kg6 47. h3 f5 48. Be5 Rc5 49. d4 Rc3+ 50. Kf4 Rc2 51. Kg3 h5 52. h4
Rd2 53. Kf3 Ra2 54. g3 Ra3+ 55. Kf4 Ra2 56. f3 Ra4 57. Bh8 Ra5 58. Be5 Rd5 59.
g4 fxg4 60. fxg4 hxg4 61. Kxg4 Ra5 62. h5+ Kh6 63. Bf4+ Kh7 64. h6 Ra1 65. Kg5
Rf1 66. Be3 Rf5+ 67. Kg4 Rd5 68. Kh4 Kg6 69. Kg4 Rh5 70. Kf3 Rf5+ 71. Ke4 Rd5
72. Bf4 Rf5 73. Bc1 Rf1 74. Be3 Rf5 75. Kd3 Rh5 76. Ke4 Kf6 77. Kf3 Kf5 78. Kg3
Ke4 79. Kg4 Rh1 80. Bg5 Rg1+ 81. Kh5 Kf5 82. Bh4 Rg8 83. h7 Rh8 84. Kh6 e5 85.
d5 e4 86. d6 Ke6 87. Bg3 e3 88. Kg7 Rxh7+ 89. Kxh7 e2 90. Kg6 e1=Q 91. Bxe1 Kxd6 1/2-1/2

[Event "Online Olym Div2 E 2021"]
[Site "chess.com INT"]
[Date "2021.09.04"]
[Round "9.4"]
[Board "4"]
[White "Rodriguez Arrieta, Maria Elena"]
[Black "Abarca Gonzalez, Damaris"]
[Result "1-0"]
[WhiteTitle "WIM"]
[BlackTitle "WFM"]
[WhiteElo "1905"]
[BlackElo "2047"]
[WhiteTeam "Costa Rica"]
[BlackTeam "Chile"]
[WhiteFideId "6502911"]
[BlackFideId "3409414"]
[EventDate "2021.09.02"]
[EventType "team"]

1. e4 e5 2. Nf3 Nc6 3. Bb5 a6 4. Ba4 Nf6 5. O-O b5 6. Bb3 Be7 7. Re1 d6 8. c3
O-O 9. h3 Nb8 10. d4 Nbd7 11. Nbd2 Bb7 12. Bc2 Re8 13. Nf1 Bf8 14. Ng3 g6 15. a4
c5 16. d5 c4 17. Be3 Qc7 18. Qd2 Nc5 19. axb5 axb5 20. Rxa8 Rxa8 21. Bg5 Bg7 22.
Nh2 Ra2 23. Bb1 Ra1 24. f4 exf4 25. Bxf4 Nfd7 26. Ng4 f6 27. Rf1 Ne5 28. Nh6+
Kh8 29. Be3 Ra8 30. Bc2 Ncd3 31. Bb1 Rf8 32. Ne2 Qa5 33. Nd4 Bc8 34. Kh1 Bd7 35.
b3 b4 36. bxc4 bxc3 37. Qe2 Nb2 38. Rc1 Nbxc4 39. Ba2 Nxe3 40. Qxe3 Qxa2 41.
Rxc3 Qa1+ 42. Kh2 Bxh6 43. Qxh6 Qxc3 44. Qxf8# 1-0

[Event "Online Olym Div2 E 2021"]
[Site "chess.com INT"]
[Date "2021.09.04"]
[Round "9.4"]
[Board "5"]
[White "Pena Cifuentes, Tomas Alberto"]
[Black "Ramirez Madrid, Gerardo Alfonso"]
[Result "1-0"]
[BlackTitle "FM"]
[WhiteElo "2018"]
[BlackElo "2029"]
[WhiteTeam "Chile"]
[BlackTeam "Costa Rica"]
[WhiteFideId "3421996"]
[BlackFideId "6505945"]
[EventDate "2021.09.02"]
[EventType "team"]

1. d4 Nf6 2. c4 g6 3. f3 d5 4. cxd5 Nxd5 5. e4 Nb6 6. Nc3 Bg7 7. Be3 O-O 8. Qd2
e5 9. d5 N8d7 10. h4 h5 11. g4 hxg4 12. h5 gxh5 13. fxg4 Nf6 14. gxh5 Re8 15.
O-O-O Bg4 16. Be2 c6 17. h6 Bf8 18. Bg5 Bxe2 19. Ngxe2 Nc4 20. Qd3 b5 21. Rdg1
Kh8 22. Qg3 Be7 23. Bxf6+ Bxf6 24. Qg7+ Bxg7 25. hxg7+ Kg8 26. Rh8# 1-0

[Event "Online Olym Div2 E 2021"]
[Site "chess.com INT"]
[Date "2021.09.04"]
[Round "9.4"]
[Board "6"]
[White "Mayorga Araya, Sofia"]
[Black "Sanchez Tobar, Francisca Valenti"]
[Result "1-0"]
[BlackTitle "WCM"]
[WhiteElo "1381"]
[BlackElo "1777"]
[WhiteTeam "Costa Rica"]
[BlackTeam "Chile"]
[WhiteFideId "6514065"]
[BlackFideId "3431304"]
[EventDate "2021.09.02"]
[EventType "team"]

1. e4 e5 2. Nf3 Nc6 3. Bb5 g6 4. O-O Bg7 5. c3 Nge7 6. d4 exd4 7. cxd4 a6 8. Ba4
b5 9. Bb3 O-O 10. Nc3 d6 11. h3 Na5 12. Bc2 Nc4 13. b3 Nb6 14. Bb2 c5 15. Ne2 c4
16. Rb1 f5 17. e5 Nc6 18. bxc4 Nxc4 19. Bb3 dxe5 20. dxe5 Be6 21. Nf4 Qe7 22.
Nxe6 Qxe6 23. Ng5 Qe7 24. Bxc4+ bxc4 25. Qd5+ Kh8 26. Qxc6 Qxg5 27. Qxc4 f4 28.
e6 f3 29. Bxg7+ Kxg7 30. Rb7+ Kh6 31. g3 Qf6 32. Qc1+ g5 33. Qc7 Qg6 34. e7 Rfe8
35. Rb6 1-0

[Event "Online Olym Div2 E 2021"]
[Site "chess.com INT"]
[Date "2021.09.04"]
[Round "9.5"]
[Board "1"]
[White "Albornoz Cabrera, Carlos Daniel"]
[Black "Almiron, Antonio"]
[Result "1/2-1/2"]
[WhiteTitle "GM"]
[BlackTitle "FM"]
[WhiteElo "2567"]
[BlackElo "2366"]
[WhiteTeam "Cuba"]
[BlackTeam "Paraguay"]
[WhiteFideId "3518736"]
[BlackFideId "3701166"]
[EventDate "2021.09.02"]
[EventType "team"]

1. e4 e5 2. Nf3 Nc6 3. Bb5 a6 4. Ba4 Nf6 5. O-O b5 6. Bb3 Bc5 7. c3 d6 8. d4 Bb6
9. a4 Rb8 10. Na3 O-O 11. axb5 axb5 12. Nxb5 exd4 13. Nbxd4 Nxd4 14. cxd4 Nxe4
15. Bc2 Re8 16. h3 Bf5 17. Ba4 Bd7 18. Bb3 h6 19. Be3 Ra8 20. Rc1 Qf6 21. Nd2
Nxd2 22. Qxd2 Bb5 23. Rfd1 Ba4 24. Qc2 Bxb3 25. Qxb3 Rab8 26. Qc2 d5 27. Qa4 Re6
28. Rd3 Rd8 29. Qc2 Re4 30. Qc3 Qf5 31. Qc2 Qf6 32. Qc3 Qf5 33. Qc2 Qf6 1/2-1/2

[Event "Online Olym Div2 E 2021"]
[Site "chess.com INT"]
[Date "2021.09.04"]
[Round "9.5"]
[Board "2"]
[White "Benitez Galeano, Alejandro"]
[Black "Fernandez De La Vara, Arnaldo"]
[Result "1-0"]
[WhiteTitle "FM"]
[BlackTitle "IM"]
[WhiteElo "2201"]
[BlackElo "2485"]
[WhiteTeam "Paraguay"]
[BlackTeam "Cuba"]
[WhiteFideId "3703568"]
[BlackFideId "3518388"]
[EventDate "2021.09.02"]
[EventType "team"]

1. Nf3 Nf6 2. c4 e6 3. e3 d5 4. b3 Bd6 5. Bb2 b6 6. cxd5 exd5 7. Nc3 a6 8. Rc1
Bb7 9. g4 d4 10. Na4 dxe3 11. fxe3 Nxg4 12. Qe2 Nc6 13. Rg1 Nce5 14. Nxe5 Nxe5
15. Bg2 Qh4+ 16. Kd1 Qxh2 17. Bxb7 Qxg1+ 18. Kc2 Qg6+ 19. e4 Rd8 20. d4 Nd7 21.
Bxa6 O-O 22. Bd3 Rfe8 23. e5 Qg3 24. Rh1 g6 25. Nc3 Nxe5 26. dxe5 Bxe5 27. Ne4
Qxd3+ 28. Qxd3 Rxd3 29. Bxe5 Rxe5 30. Kxd3 h5 31. Kd4 Rf5 32. b4 Rf3 33. a4 f5
34. Nc3 Rf4+ 35. Ke5 Rxb4 36. Kf6 Rg4 37. Nd5 Kh7 38. Rc1 c5 39. Nxb6 Rb4 40. a5
h4 41. Nd5 Ra4 42. Rxc5 h3 43. Rc3 Rh4 44. a6 h2 45. a7 h1=Q 46. a8=Q Re4 47.
Rc7+ Re7 48. Rxe7+ 1-0

[Event "Online Olym Div2 E 2021"]
[Site "chess.com INT"]
[Date "2021.09.04"]
[Round "9.5"]
[Board "3"]
[White "Forgas Moreno, Yaniela"]
[Black "Perez Rodriguez, Jennifer"]
[Result "1-0"]
[WhiteTitle "WIM"]
[BlackTitle "WIM"]
[WhiteElo "2310"]
[BlackElo "2251"]
[WhiteTeam "Cuba"]
[BlackTeam "Paraguay"]
[WhiteFideId "3508072"]
[BlackFideId "3507831"]
[EventDate "2021.09.02"]
[EventType "team"]

1. e4 e5 2. Nf3 Nc6 3. Bc4 Bc5 4. c3 Nf6 5. d3 d6 6. O-O a5 7. a4 h6 8. Re1 O-O
9. Nbd2 Be6 10. h3 Re8 11. Bb5 Bd7 12. Nf1 Ne7 13. Bc4 Ng6 14. Ng3 c6 15. b4 Bb6
16. Bb3 d5 17. Qe2 Nf4 18. Qc2 dxe4 19. dxe4 Qc7 20. Nh4 Rad8 21. Be3 Be6 22.
Nhf5 Kh7 23. Rad1 Bxe3 24. fxe3 Bxb3 25. Qxb3 Ne6 26. Qc4 g6 27. Nh4 axb4 28.
cxb4 Ng5 29. Nf3 Nxf3+ 30. gxf3 Kg7 31. Kf2 Rxd1 32. Rxd1 Rd8 33. Rxd8 Qc8 34.
Rxc8 1-0

[Event "Online Olym Div2 E 2021"]
[Site "chess.com INT"]
[Date "2021.09.04"]
[Round "9.5"]
[Board "4"]
[White "Vargas, Gabriela"]
[Black "Miranda Llanes, Yerisbel"]
[Result "0-1"]
[WhiteTitle "WIM"]
[BlackTitle "WIM"]
[WhiteElo "2152"]
[BlackElo "2259"]
[WhiteTeam "Paraguay"]
[BlackTeam "Cuba"]
[WhiteFideId "3700860"]
[BlackFideId "3507700"]
[EventDate "2021.09.02"]
[EventType "team"]

1. d4 Nf6 2. Nf3 d5 3. Bg5 Ne4 4. Bf4 c5 5. c3 cxd4 6. cxd4 Nc6 7. e3 e5 8. dxe5
g5 9. Bg3 Bb4+ 10. Nfd2 h5 11. f3 Nxg3 12. hxg3 Qb6 13. Qb3 Be6 14. Qd3 Nxe5 15.
Qb5+ Qxb5 16. Bxb5+ Ke7 17. a3 Ba5 18. Ke2 Rac8 19. Ba4 Bf5 20. b4 Bb6 21. Ra2
Bd3+ 22. Kf2 f5 23. Bb3 f4 24. gxf4 gxf4 25. Re1 fxe3+ 26. Kg3 Kd6 27. Nf1 d4
28. Kh2 Bxf1 29. Rxf1 d3 30. Rd1 Rhd8 31. f4 Ng4+ 32. Kg3 Ke7 33. Kf3 Kf6 0-1

[Event "Online Olym Div2 E 2021"]
[Site "chess.com INT"]
[Date "2021.09.04"]
[Round "9.5"]
[Board "5"]
[White "Alvarez Calzadilla, Jose Avelino"]
[Black "Melian, Juan Sebastian"]
[Result "1-0"]
[WhiteTitle "FM"]
[BlackTitle "CM"]
[WhiteElo "2287"]
[BlackElo "1978"]
[WhiteTeam "Cuba"]
[BlackTeam "Paraguay"]
[WhiteFideId "3526151"]
[BlackFideId "3706575"]
[EventDate "2021.09.02"]
[EventType "team"]

1. e4 c5 2. Nf3 e6 3. g3 a6 4. Bg2 b5 5. O-O Bb7 6. Re1 Qc7 7. d4 cxd4 8. Nxd4
Be7 9. Nc3 b4 10. Nd5 exd5 11. exd5 Kf8 12. Nf5 d6 13. Qg4 Bf6 14. Bf4 1-0

[Event "Online Olym Div2 E 2021"]
[Site "chess.com INT"]
[Date "2021.09.04"]
[Round "9.5"]
[Board "6"]
[White "Oviedo Acosta, Paula"]
[Black "Obregon Garcia, Roxangel"]
[Result "0-1"]
[BlackTitle "WIM"]
[WhiteElo "1637"]
[BlackElo "2167"]
[WhiteTeam "Paraguay"]
[BlackTeam "Cuba"]
[WhiteFideId "3704394"]
[BlackFideId "3520420"]
[EventDate "2021.09.02"]
[EventType "team"]

1. e4 c5 2. Nf3 Nc6 3. d4 cxd4 4. Nxd4 Nf6 5. Nc3 d6 6. h3 e6 7. Be3 Be7 8. Bc4
a6 9. Bb3 O-O 10. O-O Nxd4 11. Qxd4 b5 12. Rad1 Qc7 13. a4 Rb8 14. axb5 axb5 15.
Ra1 b4 16. Ra7 Rb7 17. Nb5 Qc6 18. Ba4 Qxe4 19. Rd1 Qxd4 20. Bxd4 e5 21. Be3 d5
22. Bg5 d4 23. Re1 Rxa7 24. Nxa7 Bd6 25. Nb5 Bb8 26. f4 h6 27. fxe5 hxg5 28.
exf6 gxf6 29. g4 f5 30. gxf5 Bxf5 31. Nxd4 Bxh3 32. Nf3 Bf4 33. Kf2 Be6 34. Rg1
f6 35. Re1 Kf7 36. Nd4 Bd5 37. c3 bxc3 38. bxc3 Rh8 39. Ke2 Bc4+ 40. Kf2 Rh2+
41. Kg1 Bd5 42. Bb3 Bxb3 43. Nxb3 Rh3 44. Nc5 Rxc3 45. Ne4 Rc4 46. Nf2 f5 47.
Nh3 Kg6 48. Re6+ Kh5 49. Re8 Kg4 50. Nf2+ Kf3 51. Nd1 Rc1 52. Re1 g4 53. Rf1+
Kg3 54. Re1 Bd6 55. Re3+ Kf4 56. Re1 Bc5+ 57. Kg2 Rc2+ 58. Kh1 Kg3 59. Ne3 Bxe3
60. Rxe3+ Kf2 61. Re5 Rc1+ 62. Kh2 g3+ 0-1